| 000 | 00000nam##2200000za#4500 |
| 001 | 9.581428 |
| 003 | CaOODSP |
| 005 | 20210624191517 |
| 007 | cr ||||||||||| |
| 008 | 150406|2015||||xxc|||||o f|0| 0 eng|d |
| 040 | |aCaOODSP|beng |
| 043 | |an-cn--- |
| 086 | 1 |aRv55-5/10-17-41-2015E-PDF |
| 110 | 2 |aCanada Border Services Agency. |
| 245 | 10|aTariff classification of rough diamonds, unsorted diamonds, and unworked diamonds |h[electronic resource] |
| 260 | |aOttawa - Ontario : |bCanada Border Services Agency |
| 300 | |a5p. |
| 490 | 1 |aCustoms D memoranda. D10, Tariff classification/commodities |vD10-17-41, January 15, 2015 |
| 500 | |aSuperseded Memorandum D: D10-17-41 dated November 1, 2006 |
| 590 | |a15-04|b2015-01-23 |
| 775 | 08|tClassement tarifaire des diamants bruts et des diamants non triés |w(CaOODSP)9.608258 |
| 830 | #0|aCustoms D memoranda. D10, Tariff classification/commodities ;|vD10-17-41, January 15, 2015|w(CaOODSP)9.816825 |
| 856 | 40|ahttp://publications.gc.ca|qPDF|s70 KB|uhttps://publications.gc.ca/collections/collection_2015/asfc-cbsa/Rv55-5-10-17-41-2015-eng.pdf|yD10-17-41, January 15, 2015 |